| 000 | 00482nam a2200205Ia 4500 | ||
|---|---|---|---|
| 999 |
_c58989 _d58989 |
||
| 003 | 0100 | ||
| 005 | 20170511095807.0 | ||
| 008 | 130303s9999 xx 000 0 und d | ||
| 040 | _cARRUPELIB | ||
| 050 | _aDT433.545.T87B27 1987 | ||
| 100 |
_aBarrett, Anthony _930783 |
||
| 245 | _aDying and death among the Turkana | ||
| 260 |
_bGaba Publications _aKenya _c1987 |
||
| 300 | _a66p. | ||
| 300 | _b 23 cm. | ||
| 440 |
_aSpearhead no. 97 _930784 |
||
| 650 |
_aTurkana (African people) _xSocial life and customs _930785 |
||
| 650 |
_aDeath _xCeremonies and rites _930786 |
||
| 942 |
_2lcc _cMONOGRAPH |
||